000 00663nam a2200265Ia 4500
003 OSt
005 20221006142630.0
006 a|||||r|||| 00| 0
007 ta
008 221006b |||||||| |||| 00| 0 eng d
020 _c
_4.00
024 _a6,809
037 _cTextual
040 _aEASL
_cEASL
_beng
041 _2eng
_aeng
082 _aY:1.41.M7, C4
100 _aSMITH Atthur H
_9648040
245 0 _aChinese characteristics
260 _aLondon
_bFleming H. Revell Com.
_c1894
300 _a342p.
_ccm.
490 _v CEL
650 _aCEL
942 _hY:1.41.M7, C4
_cTEXL
_2CC
999 _c1074895
_d1074895